Southville International School and Colleges
Your cart is empty.
  • Cart
  • Lists
    Public lists Eva Luna New books Lux_list list_1
    Your lists Log in to create your own lists
  • Log in to your account
  • Your cookies
  • Search history
Southville International School and Colleges
  • Advanced search
  • Recent comments
  • Most popular
  • Libraries

Log in to your account

Log in with GOOGLE


If you do not have an external account, but do have a local account, you can still log in:

  1. Home
  2. MARC view: Integrated science /
Normal view MARC view ISBD view

Integrated science / (Record no. 9722)

[ view plain ]
MARC details
000 -LEADER
fixed length control field 00994cam a22003014a 4500
001 - CONTROL NUMBER
control field 11994653
003 - CONTROL NUMBER IDENTIFIER
control field SISC
005 - DATE AND TIME OF LATEST TRANSACTION
control field 20160302092524.0
008 - FIXED-LENGTH DATA ELEMENTS--GENERAL INFORMATION
fixed length control field 000503s2001 maua 001 0 eng
010 ## - LIBRARY OF CONGRESS CONTROL NUMBER
LC control number 00033935
020 ## - INTERNATIONAL STANDARD BOOK NUMBER
International Standard Book Number 9780071226301
040 ## - CATALOGING SOURCE
Original cataloging agency DLC
Transcribing agency DLC
Modifying agency DLC
042 ## - AUTHENTICATION CODE
Authentication code pcc
050 00 - LIBRARY OF CONGRESS CALL NUMBER
Classification number Q161.2
Item number .T54 2002
082 00 - DEWEY DECIMAL CLASSIFICATION NUMBER
Classification number HS 500
Item number T46 2001
100 1# - MAIN ENTRY--PERSONAL NAME
Personal name Tillery, Bill W.
9 (RLIN) 14814
245 10 - TITLE STATEMENT
Title Integrated science /
Statement of responsibility, etc Bill W. Tillery, Eldon D. Enger, Frederick C. Ross.
250 ## - EDITION STATEMENT
Edition statement 1st ed.
260 ## - PUBLICATION, DISTRIBUTION, ETC. (IMPRINT)
Place of publication, distribution, etc Boston :
Name of publisher, distributor, etc McGraw Hill,
Date of publication, distribution, etc 2001.
300 ## - PHYSICAL DESCRIPTION
Extent 861 p. :
Other physical details ill. (some col.) ;
Dimensions 28 cm.
650 #0 - SUBJECT ADDED ENTRY--TOPICAL TERM
Topical term or geographic name as entry element Science.
9 (RLIN) 7100
700 1# - ADDED ENTRY--PERSONAL NAME
Personal name Enger, Eldon D.
9 (RLIN) 14795
700 1# - ADDED ENTRY--PERSONAL NAME
Personal name Ross, Frederick C.
9 (RLIN) 14815
906 ## - LOCAL DATA ELEMENT F, LDF (RLIN)
a 7
b cbc
c orignew
d 1
e ocip
f 20
g y-gencatlg
942 ## - ADDED ENTRY ELEMENTS (KOHA)
Source of classification or shelving scheme Library of Congress Classification
Koha item type Books
Holdings
Withdrawn status Lost status Source of classification or shelving scheme Damaged status Home library Current library Shelving location Date acquired Total Checkouts Full call number Barcode Date last seen Copy number Price effective from Koha item type
    Library of Congress Classification   Luxembourg Library Luxembourg Library High School Section 08/28/2013   Q 161.2 .T54 2002 11516 05/25/2015 1 10/03/2013 Books

Integrated science /

APA

Tillery B. W., Enger E. D. & Ross F. C. (2001). Integrated science. Boston: McGraw Hill.

Chicago

Tillery Bill W, Enger Eldon D and Ross Frederick C. 2001. Integrated science. Boston: McGraw Hill.

Harvard

Tillery B. W., Enger E. D. and Ross F. C. (2001). Integrated science. Boston: McGraw Hill.

MLA

Tillery Bill W, Enger Eldon D and Ross Frederick C. Integrated science. Boston: McGraw Hill. 2001.

  • Place hold
  • Print
  • Cite
  • Add to your cart (remove)
  • Save record
    BIBTEX Dublin Core MARCXML MARC (non-Unicode/MARC-8) MARC (Unicode/UTF-8) MARC (Unicode/UTF-8, Standard) MODS (XML) RIS
  • More searches
    Search for this title in:
    Other Libraries (WorldCat) Other Databases (Google Scholar) Online Stores (Bookfinder.com) Open Library (openlibrary.org)

Exporting to Dublin Core...

SOUTHVILLE LIBRARY

Southville International School and Colleges Library

1281 Tropical Ave. Cor. Luxembourg St., BF Homes International, Las Pinas City

Tel. No. 8256374 / 252358 Loc. 117/146

Powered by Koha